| Registos Bibliográficos associados ao registo de autoridade |
|
Etiqueta de registo: 00668cam 02200229 04500 001 47437 003 http://id.bnportugal.gov.pt/bib/catbnp/47437 100 ## $a19981113d1956 m y0pora0103 ba 101 0# $apor 102 ## $aPT 105 ## $aa z 000yy 106 ## $ar 200 1# $a Os quatro cavaleiros invencíveis$fLeyguarda Ferreira$gdes. José Manuel Soares 210 #9 $aLisboa$cRomano Torres,$d[D.L. 1956] 215 ## $a47, [1] p.$cil.$d19 cm 225 2# $aManecas.$iContos infantis 317 ## $aColeção Leandro de Moraes Sarmento$5PTBN: L.M.S. 561 606 ## $aLiteratura infantil$2SIPOR$367823 675 ## $a087.5$vmed$zpor$3287999 700 #1 $aFerreira,$bLeyguarda,$f1897-1966$335066 702 #1 $aSoares,$bJosé Manuel,$f1932-2017$4440$3106923 801 #0 $aPT$bBN$gRPC 966 ## $lBN$mFGMON$pBiblioteca particular Leandro de Moraes Sarmento$sL.M.S. 561 $x3 966 ## $lBN$mFGMON$sP. 6058//2 P. 998 ## $aCR189 - 00027
Etiqueta de registo: 00862cam 2200289 450 001 248019 003 http://id.bnportugal.gov.pt/bib/catbnp/248019 005 19981205023600.0 021 ## $aPT$b39454/90 095 ## $aPTBN00257622 100 ## $a19900810d1990 m y0pory0103 ba 101 0# $apor 102 ## $aPT 105 ## $aa t 000zb 106 ## $ar 200 1# $aLuís Vaz de Camões$ftexto de Raul Costa$gdes. José Manuel Soares 210 #9 $aOdemira$cCâmara Municipal,$d1990 215 ## $a[22] p.$cmuito il.$d30 cm 675 ## $a087.5(084)$vBN$zpor$3429413 675 ## $a869.0-1 Camões,Luís de(084)$vBN$zpor$3429414 675 ## $a929 Camões,Luís de(084)$vBN$zpor$3429415 700 #1 $aCosta,$bRaul$3429416 702 #1 $aSoares,$bJosé Manuel,$f1932-2017$4440$3106923 801 #0 $aPT$bBN$gRPC 966 ## $c2$lBN$mRESIMP$sCAM. 1739 V.$x1 966 ## $c2$lBN$mRESIMP$sCAM. 1739 V.$x1
Etiqueta de registo: 00875cam 2200265 450 001 247723 003 http://id.bnportugal.gov.pt/bib/catbnp/247723 021 ## $aPT$b34517/90 100 ## $a19900703d1990 d y0pory01030103ba 101 0# $apor 102 ## $aPT 105 ## $aa jz 001yy 106 ## $ar 200 1# $aAo perto & ao longe$e o lugar e as viagens$emódulos interdisciplinares, 4º ano do ensino básico$fTeresa Vergani$gcolab. Ana Bela Silva... [et al.]$gil. José Manuel Soares, Louro Artur 210 #9 $aSantarém$cEscola Superior de Educação,$d1990 215 ## $aLXIV, [5], 134 p.$cil.$d30 cm 317 ## $aBiblioteca Matilde Rosa Araújo$5PTBN: S.C. 163391 V. 532 13 $aAo perto e ao longe 675 ## $a371.1(469)$vBN$zpor$3290309 675 ## $a372.4(075)$vBN$zpor$3290313 700 #1 $aVergani,$bTeresa$3345807 702 #1 $aSilva,$bAna Bela da Silva Coelho Flor Baptista da$4070$3795433 702 #1 $aSoares,$bJosé Manuel,$f1932-2017$4440$3106923 702 #1 $aArtur,$bLouro,$f1943-$4440$39852 801 #0 $aPT$bBN$gRPC 966 ## $lBN$mFGMON$sS.C. 64053 V.$x1 966 ## $lBN$mFGMON$pBiblioteca Matilde Rosa Araújo$sS.C. 163391 V.$x3
Etiqueta de registo: 00584cam 022002051 04500 001 216380 003 http://id.bnportugal.gov.pt/bib/catbnp/216380 005 19981201080700.0 095 ## $aPTBN00224082 100 ## $a19740301d1974 m y0pora0103 ba 101 0# $apor 102 ## $aPT 200 1# $aTotobola, sistema gab 18 esquemas (de 7 a 10 triplas) totalmente desenvolvidos$fJ. M. Soares 210 #9 $aLisboa$cJ. M. Soares,$d[D.L. 1974] 215 ## $a2 v.$d21 cm 675 ## $a796/799$vmed$zpor$3288113 700 #1 $aSoares,$bJosé Manuel,$f1932-2017$3106923 801 #0 $aPT$bBN$gRPC 966 ## $lBN$mFGMON$sB.A. 5582 V. 966 ## $lBN$mFGMON$sB.A. 5583 V. 998 ## $aCR375 - 00490
Etiqueta de registo: 00621c 02200205 04500 001 63323 003 http://id.bnportugal.gov.pt/bib/catbnp/63323 005 19981117123500.0 095 ## $aPTBN00065582 100 ## $a19771101d1977 m y0pora0103 ba 101 0# $apor 102 ## $aPT 200 1# $aTotobola (por tendências)$esistema "gab", 36 esquemas (de 7 a 12 triplas) totalmente desenvolvidos$fJ. M. Soares 205 ## $a2ª ed 210 #9 $a[S.l.]$cJ. M. Soares,$d[D.L. 1977]$eLisboa :$gTip. Leandro) 215 ## $a93 f.$d20x21 cm 675 ## $a796/799$vmed$zpor$3288113 700 #1 $aSoares,$bJosé Manuel,$f1932-2017$3106923 801 #0 $aPT$bBN$gRPC 966 ## $lBN$mFGMON$sB.A. 4574 P. 998 ## $aCR156 - 00399
Etiqueta de registo: 00633cam 02200217 04500 001 47436 003 http://id.bnportugal.gov.pt/bib/catbnp/47436 005 19981113175700.0 095 ## $aPTBN00048657 100 ## $a19981113d1956 m y0pora0103 ba 101 0# $apor 102 ## $aPT 105 ## $aa z 000yy 106 ## $ar 200 1# $aVasco da Gama e a sua viagem maravilhosa$fLeyguarda Ferreira$gdes. José Manuel Soares 210 #9 $aLisboa$cRomano Torres,$d[D.L. 1956] 215 ## $a46, [2] p.$cil.$d19 cm 225 2# $aManecas.$iContos infantis 317 ## $aColeção Leandro de Moraes Sarmento$5PTBN: L.M.S. 562 606 ## $aLiteratura infantil$2SIPOR$367823 675 ## $a087.5$vmed$zpor$3287999 700 #1 $aFerreira,$bLeyguarda,$f1897-1966$335066 702 #1 $aSoares,$bJosé Manuel,$f1932-2017$4440$3106923 801 #0 $aPT$bBN$gRPC 966 ## $lBN$mFGMON$pBiblioteca particular Leandro de Moraes Sarmento$sL.M.S. 562 $x3 966 ## $lBN$mFGMON$sP. 6058//1 P. 998 ## $aCR189 - 00026
Etiqueta de registo: 00785cam 02200241 04500 001 34033 003 http://id.bnportugal.gov.pt/bib/catbnp/34033 100 ## $a19981112d1985 m y0pora0103 ba 101 0# $apor 102 ## $aPT 105 ## $aa t 000yy 106 ## $ar 200 1# $a A ala dos namorados$ftexto de A. Varatojo$gdesenhos de J. M. Soares 210 #9 $aLisboa$cFutura,$dcop. 1985 215 ## $a48 p.$ctodo il.$d29 cm 225 2# $aAntologia da BD portuguesa$v15 304 ## $aAdaptação do romance de Campos Júnior 317 ## $aColeção Leandro de Moraes Sarmento$5PTBN: L.M.S. 594 606 ## $aBanda desenhada$yPortugal$jAntologias$zSéc. 20$2SIPOR$31995039 675 ## $a741.5(469)(082.2)$vBN$zpor$31995034 675 ## $a087.5$vmed$zpor$3287999 700 #1 $aVaratojo,$bArtur,$f1926-2006$345524 701 #1 $aSoares,$bJosé Manuel,$f1932-2017$4440$3106923 702 #1 $aJúnior,$bAntónio de Campos,$f1850-1917$4100$325163 801 #0 $aPT$bBN$gRPC 966 ## $lBN$mFGMON$pBiblioteca particular Leandro de Moraes Sarmento$sL.M.S. 594 $x3 966 ## $lBN$mFGMON$sP. 7555 V.$x1
Etiqueta de registo: 00489nam 2200193 450 001 2086812 003 http://id.bnportugal.gov.pt/bib/catbnp/2086812 100 ## $a20211203d1968 m y0pory01030103ba 101 0# $apor 102 ## $aPT 105 ## $aa z 000yy 106 ## $ar 200 1# $a Os quatro cavaleiros invencíveis$fLeyguarda Ferreira$edes. José Manuel Soares 210 #9 $aLisboa$cRomano Torres,$d1968 215 ## $a45, [2] p.$cil.$d19 cm 225 2# $aManecas 317 ## $aArquivo da Editora Romano Torres$5PTBN: R.T. 119 700 #1 $aFerreira,$bLeyguarda,$f1897-1966$335066 702 #1 $aSoares,$bJosé Manuel,$f1932-2017$4440$3106923 801 #0 $aPT$bBN$gRPC 966 ## $lBN$mFGMON$pArquivo da Editora Romano Torres$sR.T. 119 $x3 971 ## $ccsilva$d20211203 972 ## $e0$d20211209$vmsebas 975 ## $e0$d20211213$visabelm
Etiqueta de registo: 00734cam 02200241 04500 001 562740 003 http://id.bnportugal.gov.pt/bib/catbnp/562740 100 ## $a19990103d1965 m y0pory01030103ba 101 1# $apor 102 ## $aPT 105 ## $aa z 000yy 106 ## $ar 200 1# $aGuerreiro e monge$fAntónio de Campos Júnior$gil. José Manuel Soares 205 ## $a7ª ed 210 #9 $aLisboa$cRomano Torres,$d1965 215 ## $a4 v.$cil.$d20 cm 317 ## $aArquivo da Editora Romano Torres$5PTBN: R.T. 297-2 a R.T. 297-3 317 ## $aArquivo da Editora Romano Torres$5PTBN: R.T. 407-2 a R.T. 407-3 700 #1 $aJúnior,$bAntónio de Campos,$f1850-1917$325163 702 #1 $aSoares,$bJosé Manuel,$f1932-2017$4440$3106923 801 #0 $aPT$bBN$gRPC 930 ## $lBN$dL. 57379-82 P. 966 ## $b001$dV. 1$lBN$mFGMON$sL. 57379 P. 966 ## $b001$dV. 2$lBN$mFGMON$sL. 57380 P. 966 ## $b001$dV. 3$lBN$mFGMON$sL. 57381 P. 966 ## $b001$dV. 4$lBN$mFGMON$sL. 57382 P. 966 ## $b002$dV. 2$lBN$mFGMON$pArquivo da Editora Romano Torres$sR.T. 297-2 $x3 966 ## $b002$dV. 3$lBN$mFGMON$pArquivo da Editora Romano Torres$sR.T. 297-3 $x3 966 ## $b002$dV. 2$lBN$mFGMON$pArquivo da Editora Romano Torres$sR.T. 407-2 $x3 966 ## $b002$dV. 3$lBN$mFGMON$pArquivo da Editora Romano Torres$sR.T. 407-3 $x3 966 ## $b002$dV. 1$lBN$mFGMON$pArquivo da Editora Romano Torres$sR.T. 1696-1 $x3 966 ## $b002$dV. 4$lBN$mFGMON$pArquivo da Editora Romano Torres$sR.T. 1696-4 $x3 971 ## $carosa$d20220114 972 ## $e0$d20220207$vmsebas
Etiqueta de registo: 00254nam 2200025 450 001 2284021 003 http://id.bnportugal.gov.pt/bib/catbnp/2284021 100 ## $a20260409d1968 m y0pory01030103ba 101 0# $apor 102 ## $aPT 200 1# $aVasco da Gama e a sua viagem maravilhosa$fLeyguarda Ferreira$gdes. José Manuel Soares 210 #9 $aLisboa$cRomano Torres,$d1968 215 ## $a44 p.$cil.$d19 cm 225 2# $aManecas$iNova série 317 ## $aColeção Leandro de Moraes Sarmento$5PTBN: L.M.S. 518 606 ## $aLiteratura infantil$2SIPOR$367823 675 ## $a087.5$vmed$zpor$3287999 700 #1 $aFerreira,$bLeyguarda,$f1897-1966$335066 702 #1 $aSoares,$bJosé Manuel,$f1932-2017$4440$3106923 801 #0 $aPT$bBN$gRPC 966 ## $lBN$mFGMON$pBiblioteca particular Leandro de Moraes Sarmento$sL.M.S. 518 $x3
|
|
|